[Event "DEM U10w 2025"]
[Site "Willingen GER"]
[Date "2025.06.11"]
[Round "6"]
[White "Hellriegel, Emma"]
[Black "Richter Assencio, Victoria"]
[Result "0-1"]
[Termination "normal"]
[Board "21"]
[WhiteElo "999"]
[BlackElo "955"]
[WhiteClock "00:25:00"]
[BlackClock "00:55:55"]
[PlyCount "122"]
[WhiteFideId "533043558"]
[BlackFideId "533043620"]
[EventCountry "GER"]
[EventRounds "9"]
[EventType "swiss"]
[EventDate "2025.06.07"]

1. e4 {[%clk 01:30:59]} {[%emt 00:00:01]} e5 {[%clk 01:30:45]} {[%emt
00:00:15]} 2. Nf3 {[%clk 01:31:17]} {[%emt 00:00:12]} Nc6 {[%clk 01:31:06]}
{[%emt 00:00:10]} 3. Bc4 {[%clk 01:31:39]} {[%emt 00:00:07]} Bc5 {[%clk
01:31:32]} {[%emt 00:00:04]} 4. O-O {[%clk 01:31:57]} {[%emt 00:00:12]} Nf6
{[%clk 01:31:57]} {[%emt 00:00:05]} 5. Nc3 {[%clk 01:32:17]} {[%emt 00:00:10]}
h6 {[%clk 01:32:17]} {[%emt 00:00:10]} 6. d3 {[%clk 01:32:34]} {[%emt
00:00:12]} O-O {[%clk 01:32:42]} {[%emt 00:00:06]} 7. Be3 {[%clk 01:32:53]}
{[%emt 00:00:10]} Bb6 {[%clk 01:33:04]} {[%emt 00:00:09]} 8. Re1 {[%clk
01:32:38]} {[%emt 00:00:44]} d6 {[%clk 01:32:48]} {[%emt 00:00:45]} 9. h3
{[%clk 01:32:40]} {[%emt 00:00:29]} Ne7 {[%clk 01:33:06]} {[%emt 00:00:12]} 10.
Qd2 {[%clk 01:31:31]} {[%emt 00:01:39]} Ng6 {[%clk 01:33:16]} {[%emt 00:00:20]}
11. Nd5 {[%clk 01:23:10]} {[%emt 00:08:51]} Re8 {[%clk 01:30:50]} {[%emt
00:02:57]} 12. a3 {[%clk 01:15:28]} {[%emt 00:09:03]} Be6 {[%clk 01:23:40]}
{[%emt 00:07:40]} 13. b4 {[%clk 01:11:16]} {[%emt 00:04:42]} c6 {[%clk
01:23:07]} {[%emt 00:01:04]} 14. Nxf6+ {[%clk 01:09:31]} {[%emt 00:02:14]} Qxf6
{[%clk 01:20:20]} {[%emt 00:03:17]} 15. Ba2 {[%clk 01:08:29]} {[%emt 00:01:32]}
d5 {[%clk 01:19:57]} {[%emt 00:00:54]} 16. exd5 {[%clk 01:06:09]} {[%emt
00:02:50]} cxd5 {[%clk 01:20:16]} {[%emt 00:00:10]} 17. c4 {[%clk 01:04:43]}
{[%emt 00:01:55]} Rad8 {[%clk 01:18:00]} {[%emt 00:02:47]} 18. Qc2 {[%clk
01:02:19]} {[%emt 00:02:52]} Nf4 {[%clk 01:13:29]} {[%emt 00:05:02]} 19. Kh1
{[%clk 00:58:31]} {[%emt 00:04:17]} a5 {[%clk 01:10:59]} {[%emt 00:03:02]} 20.
Bxb6 {[%clk 00:56:10]} {[%emt 00:02:51]} Qg6 {[%clk 01:10:06]} {[%emt
00:01:24]} 21. Rg1 {[%clk 00:54:39]} {[%emt 00:01:57]} Bxh3 {[%clk 01:10:24]}
{[%emt 00:00:14]} 22. gxh3 {[%clk 00:53:06]} {[%emt 00:02:03]} Qxb6 {[%clk
01:10:42]} {[%emt 00:00:13]} 23. bxa5 {[%clk 00:51:02]} {[%emt 00:02:34]} Qc6
{[%clk 01:10:44]} {[%emt 00:00:28]} 24. Rac1 {[%clk 00:45:43]} {[%emt
00:05:48]} d4 {[%clk 01:08:28]} {[%emt 00:02:47]} 25. Qd1 {[%clk 00:41:44]}
{[%emt 00:04:28]} Nxh3 {[%clk 01:07:10]} {[%emt 00:01:47]} 26. Rg2 {[%clk
00:40:26]} {[%emt 00:01:49]} Nf4 {[%clk 01:05:45]} {[%emt 00:01:55]} 27. Rg3
{[%clk 00:37:52]} {[%emt 00:03:03]} e4 {[%clk 01:05:35]} {[%emt 00:00:41]} 28.
dxe4 {[%clk 00:34:27]} {[%emt 00:03:55]} Qxe4 {[%clk 01:05:33]} {[%emt
00:00:32]} 29. Qe1 {[%clk 00:32:00]} {[%emt 00:02:52]} Ne2 {[%clk 01:04:08]}
{[%emt 00:02:00]} 30. Rh3 {[%clk 00:26:35]} {[%emt 00:05:55]} Nxc1 {[%clk
00:59:57]} {[%emt 00:04:41]} 31. Qxc1 {[%clk 00:26:27]} {[%emt 00:00:38]} d3
{[%clk 00:59:36]} {[%emt 00:00:51]} 32. Qd1 {[%clk 00:26:02]} {[%emt 00:00:55]}
d2 {[%clk 00:58:37]} {[%emt 00:01:29]} 33. Kh2 {[%clk 00:25:30]} {[%emt
00:01:00]} Qe1 {[%clk 00:57:43]} {[%emt 00:01:26]} 34. Nxe1 {[%clk 00:23:06]}
{[%emt 00:02:54]} dxe1=Q {[%emt 00:00:57]} 35. Qxe1 {[%emt 00:00:24]} Rxe1
{[%clk 00:56:32]} {[%emt 00:00:20]} 36. Rb3 {[%clk 00:22:18]} {[%emt 00:01:18]}
Rd2 {[%clk 00:56:41]} {[%emt 00:00:21]} 37. Bb1 {[%clk 00:22:09]} {[%emt
00:00:38]} Rxf2+ {[%clk 00:55:50]} {[%emt 00:01:22]} 38. Kg3 {[%clk 00:22:10]}
{[%emt 00:00:28]} Rf6 {[%clk 00:55:31]} {[%emt 00:00:49]} 39. Rxb7 {[%clk
00:22:16]} {[%emt 00:00:24]} g6 {[%clk 00:54:19]} {[%emt 00:01:43]} 40. Rb8+
{[%clk 00:22:23]} {[%emt 00:00:21]} Kg7 {[%clk 00:54:01]} {[%emt 00:00:50]} 41.
Rb4 {[%clk 00:21:37]} {[%emt 00:01:15]} Re3+ {[%clk 00:53:43]} {[%emt
00:00:48]} 42. Kg2 {[%clk 00:21:40]} {[%emt 00:00:23]} Rxa3 {[%clk 00:53:41]}
{[%emt 00:00:36]} 43. c5 {[%clk 00:21:49]} {[%emt 00:00:18]} Rxa5 {[%clk
00:53:22]} {[%emt 00:00:52]} 44. Rc4 {[%clk 00:21:54]} {[%emt 00:00:23]} Rc6
{[%clk 00:52:58]} {[%emt 00:00:57]} 45. Kg3 {[%clk 00:21:38]} {[%emt 00:00:45]}
Raxc5 {[%clk 00:52:50]} {[%emt 00:00:39]} 46. Re4 {[%clk 00:21:44]} {[%emt
00:00:21]} Rb6 {[%clk 00:52:09]} {[%emt 00:01:14]} 47. Bd3 {[%clk 00:21:53]}
{[%emt 00:00:20]} Rb3 {[%clk 00:52:14]} {[%emt 00:00:26]} 48. Rd4 {[%clk
00:22:02]} {[%emt 00:00:17]} Rcc3 {[%clk 00:52:34]} {[%emt 00:00:15]} 49. Kf2
{[%clk 00:22:05]} {[%emt 00:00:25]} Rxd3 {[%clk 00:52:50]} {[%emt 00:00:14]}
50. Rc4 {[%clk 00:22:20]} {[%emt 00:00:13]} Rb2+ {[%clk 00:52:58]} {[%emt
00:00:25]} 51. Ke1 {[%clk 00:22:28]} {[%emt 00:00:21]} Rh3 {[%clk 00:52:57]}
{[%emt 00:00:33]} 52. Rf4 {[%clk 00:22:44]} {[%emt 00:00:14]} Rh1+ {[%clk
00:53:17]} {[%emt 00:00:11]} 53. Rf1 {[%clk 00:23:06]} {[%emt 00:00:08]} Rxf1+
{[%clk 00:53:39]} {[%emt 00:00:07]} 54. Kxf1 {[%clk 00:23:31]} {[%emt
00:00:05]} Kf6 {[%clk 00:53:50]} {[%emt 00:00:19]} 55. Ke1 {[%clk 00:23:50]}
{[%emt 00:00:11]} Ke5 {[%clk 00:54:14]} {[%emt 00:00:05]} 56. Kf1 {[%clk
00:24:06]} {[%emt 00:00:14]} Kd4 {[%clk 00:54:36]} {[%emt 00:00:09]} 57. Kg1
{[%clk 00:24:29]} {[%emt 00:00:07]} Ke3 {[%clk 00:54:59]} {[%emt 00:00:07]} 58.
Kh1 {[%clk 00:24:46]} {[%emt 00:00:11]} Kf3 {[%clk 00:55:20]} {[%emt 00:00:10]}
59. Kg1 {[%clk 00:25:13]} {[%emt 00:00:04]} f6 {[%clk 00:55:44]} {[%emt
00:00:05]} 60. Kh1 {[%clk 00:25:23]} {[%emt 00:00:17]} Kg3 {[%clk 00:56:12]}
{[%emt 00:00:06]} 61. Kg1 {[%clk 00:25:00]} {[%emt 00:01:54]} Rb1# {[%clk
00:55:55]} {[%emt 00:00:16]} 0-1